000 00997nam a22003017a 4500
003 CHAP
005 20220329143746.0
008 110623s1965 mx a r 00010 spa d
010 _a101522
011 _a102494
035 _a113182
040 _cCHAP
082 0 4 _a530
_bOr31
100 0 0 _aOrear, Jay.
_983471
245 1 0 _aFísica fundamental
_c/por Jay Orear
260 _aMéxico, D.F. :
_bLIMUSA - WILEY,
_c1965
300 _a381 p. :
_bilus.
534 _pTít. original
_tFundamental physics
_cJohn Wiley & Sons
590 _aBATCH-UPD
_b10
_c20130110
_lUCH01
_h1416
590 _aBATCH-UPD
_b10
_c20130410
_lUCH01
_h0900
590 _aBATCH-UPD
_b10
_c20130914
_lUCH01
_h1423
590 _aCONVERSION
_b10
_c20130109
_lUCH01
_h1356
650 1 4 _aFísica
_xEstudio y enseñanza.
_941980
901 _aBK
942 _cLIBRO
949 _a530 Or31
_bBC
_cLIBRO
_d33724002242694
_eLIBRO
_h115217
_i113182
_si
949 _a530 Or31
_bBC
_cLIBRO
_d33724002315149
_eLIBRO
_fc.2
_gDonaciØn
_h116250
_i113182
_si
999 _c101522
_d101522